LEADER 00781nam a2200229 i 4500 001 991003707149707536 005 20020506103827.0 008 000908s1984 be ||| | fre 035 $ab10544719-39ule_inst 035 $aEXGIL125638$9ExL 040 $aBiblioteca Interfacoltà$bita 082 0 $a843.914 100 1 $aLejeune, Claire$0155300 245 12$aL'oeil de la lettre /$cClaire Lejeune 260 $aBruxelles :$bLe Cormier,$c1984 300 $a229 p. ;$c24 cm. 907 $a.b10544719$b02-04-14$c27-06-02 912 $a991003707149707536 945 $aLE002 Lett. II E 4$g1$i2002000507211$lle002$o-$pE0.00$q-$rl$s- $t0$u0$v0$w0$x0$y.i10625483$z27-06-02 996 $aOeil de la lettre$9215260 997 $aUNISALENTO 998 $ale002$b01-01-00$cm$da $e-$ffre$gbe $h2$i1 LEADER 01374oas 2200445 a 450 001 9910691295203321 005 20070313131554.0 035 $a(CKB)5470000002344407 035 9 $aocm47030058 035 $a(OCoLC)47030058 035 $a(OCoLC)1013870749 035 $a(EXLCZ)995470000002344407 100 $a20010529a19uu9999 sa 101 0 $aeng 135 $auranu---||||| 181 $ctxt$2rdacontent 182 $cc$2rdamedia 183 $acr$2rdacarrier 200 10$aGypsum in ..$b[electronic resource] 210 $aReston, VA $cU.S. Dept. of the Interior, U.S. Geological Survey 210 1$aWashington, D.C. :$cU.S. Department of the Interior, Bureau of Mines 215 $a1 online resource (volumes) 225 1 $aMineral industry surveys 300 $aDescription based on: Feb. 2000; title from caption (viewed May 22, 2001). 300 $aLatest issue consulted: Dec. 2006. 517 $aGypsum in ... 606 $aGypsum$vStatistics$vPeriodicals 606 $aGypsum industry$zUnited States$vStatistics$vPeriodicals 608 $aStatistics.$2lcgft 615 0$aGypsum 615 0$aGypsum industry 712 02$aGeological Survey (U.S.) 801 0$bGPO 801 1$bGPO 801 2$bOCLCQ 801 2$bGPO 906 $aDOCUMENT 912 $a9910691295203321 996 $aGypsum in$93306461 997 $aUNINA